Las aventuras de Tom Sawyer / (Record no. 147129)

MARC details
000 -LEADER
campo de control de longitud fija 00748nam a2200241 i 4500
001 - NÚMERO DE CONTROL
campo de control 147129
003 - IDENTIFICADOR DE NÚMERO DE CONTROL
campo de control ES-MaACL
005 - FECHA Y HORA DE LA ÚLTIMA TRANSACCIÓN
campo de control 20240522124902.0
007 - CAMPO FIJO DE DESCRIPCIÓN FÍSICA--INFORMACIÓN GENERAL
campo de control de longitud fija t|
008 - DATOS DE LONGITUD FIJA--INFORMACIÓN GENERAL
campo de control de longitud fija 070921s1943 sp ||||1| spa d
100 1# - ENTRADA PRINCIPAL--NOMBRE DE PERSONA
Nombre de persona Twain, Mark.
9 (RLIN) 111791
245 14 - MENCIÓN DEL TÍTULO
Título Las aventuras de Tom Sawyer /
Mención de responsabilidad, etc. Mark Twain ; [traducción de Simón Santainés ; retablo de P. Riu].
260 ## - PUBLICACIÓN, DISTRIBUCIÓN, ETC.
Lugar de publicación, distribución, etc. Barcelona :
Nombre del editor, distribuidor, etc. Ediciones Nausica,
Fecha de publicación, distribución, etc. [1943]
300 ## - DESCRIPCIÓN FÍSICA
Extensión 318 p., 4 h. ;
Dimensiones 17 cm.
490 1# - MENCIÓN DE SERIE
Mención de serie Col. Retablo ;
Designación de volumen o secuencia 6
655 #0 - TERMINO DE INDIZACIÓN--GENERO/FORMA
9 (RLIN) 234459
Datos o término principal de género/forma Novelas de acción y aventuras
700 1# - ENTRADA AGREGADA--NOMBRE PERSONAL
Nombre de persona Santainés, Simón.
9 (RLIN) 103261
700 1# - ENTRADA AGREGADA--NOMBRE PERSONAL
Nombre de persona Riu, P.
9 (RLIN) 97502
830 0# - PUNTO DE ACCESO ADICIONAL DE SERIE-TÍTULO UNIFORME
Título uniforme Col. Retablo ;
Designación de volumen o secuencia 6
9 (RLIN) 220904
852 ## - LOCALIZACIÓN
Ubicación ES-MaACL
Número de control de estantería F-3327
Sublocalización o colección R.20375
942 ## - ELEMENTOS DE ENTRADA SECUNDARIOS (KOHA)
Fuente del sistema de clasificación o colocación Clasificación decimal universal
Holdings
Estatus retirado Estado de pérdida Estado de daño No para préstamo Biblioteca de origen Biblioteca actual Ubicación en estantería Fecha de adquisición Fuente de adquisición Total de préstamos Signatura topográfica completa Código de barras Visto por última vez Precio de reemplazo Tipo de ítem Koha
        Biblioteca del Ateneo de Madrid Biblioteca del Ateneo de Madrid Depósito 2 17/01/2008     F-3327 1153542 23/02/2023 23/02/2023 Libro impreso